000 00317nam a2200121Ia 4500
020 _a9788175960183
100 _aParel J. Anthony
245 0 _aGandhi : Hind Swaraj & Other Writings
264 _bCambridge University
_c2000
300 _a285
942 _cIR
999 _c120670
_d120670